Much maligned monsters : (Record no. 81316)
[ view plain ]
| 000 -LEADER | |
|---|---|
| fixed length control field | 00782nam a22002297a 4500 |
| 005 - DATE AND TIME OF LATEST TRANSACTION | |
| control field | 20131226144052.0 |
| 010 ## - LCCN (DPL NO) | |
| LC control number | ENG-108820 |
| 020 ## - INTERNATIONAL STANDARD BOOK NUMBER | |
| International Standard Book Number | 9780198089711 |
| Terms of availability | 1795.00 |
| 020 ## - INTERNATIONAL STANDARD BOOK NUMBER | |
| International Standard Book Number | 0198089716 |
| Terms of availability | 1795.00 |
| 035 ## - SYSTEM CONTROL NUMBER | |
| System control number | EN-92353 |
| 037 ## - SOURCE OF ACQUISITION | |
| Source of stock number/acquisition | DBAD/PUB |
| 082 ## - DEWEY DECIMAL CLASSIFICATION NUMBER | |
| Classification number | 709.54 |
| 100 ## - MAIN ENTRY--PERSONAL NAME | |
| Personal name | Mitter, Partha |
| 245 ## - TITLE STATEMENT | |
| Title | Much maligned monsters : |
| Statement of responsibility, etc | by Partha Mitter |
| Remainder of title | a history of European reactions to Indian art / |
| 260 ## - PUBLICATION, DISTRIBUTION, ETC. (IMPRINT) | |
| Place of publication, distribution, etc | New Delhi |
| Name of publisher, distributor, etc | Oxford University Press |
| Date of publication, distribution, etc | 2013 |
| 270 ## - ADDRESS | |
| Address | YMCA Library Builbing, 1 Jai Singh Road |
| City | New Delhi |
| Postal code | 110001 |
| 300 ## - PHYSICAL DESCRIPTION | |
| Extent | xlvi,390p. : |
| Dimensions | 25cm(Hb) |
| Other physical details | ill. |
| 500 ## - GENERAL NOTE | |
| General note | Includes bibliographical references and index |
| 650 ## - SUBJECT ADDED ENTRY--TOPICAL TERM | |
| Topical term or geographic name as entry element | Art, Indic |
| General subdivision | Public opinion. |
| 650 ## - SUBJECT ADDED ENTRY--TOPICAL TERM | |
| Topical term or geographic name as entry element | Public opinion |
| Geographic subdivision | Europe. |
| 942 ## - ADDED ENTRY ELEMENTS (KOHA) | |
| Source of classification or shelving scheme | Dewey Decimal Classification |
| Item type | English Books |
| Call number suffix | MIT |
| Classification part | 709.54 |
| Withdrawn status | Lost status | Not for loan | Collection code | Home library | Current library | Date acquired | Source of acquisition | Cost, normal purchase price | Full call number | Barcode | Copy number | Cost, replacement price | Koha item type |
|---|---|---|---|---|---|---|---|---|---|---|---|---|---|
| Not For Loan | Non-fiction | D.B.Act.Division | D.B.Act.Division | 19/12/2013 | DBAD/PUB | 1795.00 | 709.54 MIT | EN-92353 | 1 | 1795.00 | English Books |
